00709nam a22002177a 4500003000400000008004100004082001700045100001800062245012800080260003900208300001000247502001700257650001300274650002000287650001600307650001100323650001100334942001100345999001700356952011800373OSt260505b |||||||| |||| 00| 0 eng d a633.18bP74E aPrasad, S. M. aEffect of Establishment Methods, Fertility Levels and Weed Management on the Performance of Upland Rice / cby S. M. Prasad a.- Pusa, Samastipurb: RAUc, 1998 a110p. bPh. D.d1998 aAgronomy aWeed Management aUpland Rice aThesis aPh. D. 2ddccT c50423d50423 00102ddc4070aRAUbRAUd2026-05-05eby Authorg0.00l0o633.18 P74Ep47429-ULr2026-05-05w2026-05-05yTkGift